02761 2200205 4500001001900000005001500019035001800034007000300052008003900055082000700094084001300101100002200114245022700136250001000363260004600373520209400419600001202513990001502525990001502540INLIS000000000992020260429013501 a0010-03260172ta260429 | | |  a23 a23 ALV m0 aALVIN SAPUTRA CHU1 aMeningkatkan Hasil Belajar Matematika pada Materi Bangun Datar Menggunakan Model Pembelajaran Project Based Learning Berbantuan Media Geoboard pada Siswa Sd Negeri 1 Langkai Kelas V / ALVIN SAPUTRA CHU /cALVIN SAPUTRA CHU aCet 1 aPalangka Raya :bPerpustakaan UMPR,c2026 aAlvin Saputra Chu, 2026 "Meningkatkan Hasil Belajar Matematika Pada Materi Bangun Datar Menggunakan Model Pembelajaran Project Based Learning Berbantuan Media Geoboard Pada Siswa Sd Negeri 1 Langkai Kelas V". Skripsi Program Studi pendidikan guru sekolah dasar fakultas keguruan dan ilmu pendidikan universitas muhammmadiyah palangkaraya. Pembimbing: (1) Hendri, M.Pd. (II) Misyanto, M.Pd. Penelitian ini dilatarbelakangi oleh rendahnya hasil belajar matematika peserta didik pada materi bangun datar di kelas V sekolah dasar, rendahnya tingkat ketuntasan belajar, kurangnya keterlibatan aktif peserta didik dalam proses pembelajaran. Penelitian ini bertujuan meliputi (1) meningkatkan aktivitas pembelajran menggunakan model pembelajaran Project based learning berbantuan geoboard pada peserta didik kelas. (2) meningkatan hasil belajar matematika dengan menggunakan model pembelajaran Project based learning berbantuan media geoboard pada siswa kelas V. Penelitian ini merupakan Penelitian Tindakan Kelas (PTK) yang dilaksanakan dalam dua siklus. Setiap siklus terdiri atas tahap perencanaan, pelaksanaan tind tindakan, observasi, dan refleksi. Subjek penelitian adalah peserta didik kelas V SD Negeri | Langkai yang berjumlah 7 orang. Teknik pengumpulan data menggunakan tes hasil belajar, lembar observasi aktivitas guru dan peserta didik, serta dokumentasi. Data dianalisis secara kuantitatif dan kualitatif. Hasil penelitian menunjukkan bahwa (1) ada peningkatkan aktivitas pembelajran menggunakan model pembelajaran Project based learning berbantuan geoboard pada peserta didik kelas. (2) meningkatan hasil belajar matematika dengan menggunakan model pembelajaran Project based learning berbantuan. media geoboard pada siswa kelas V. Hal ini ditunjukkan oleh peningkatan persentase ketuntasan belajar dari pra tindakan sebesar 45%, meningkat menjadi 70% pada siklus I, dan mencapai 87% pada siklus II. Selain itu, aktivitas belajar peserta didik juga mengalami peningkatan yang ditandai dengan meningkatnya partisipasi, kerja sama, dan kemampuan menyelesaikan proyek secara mandiri. 4aSKRIPSI a2223025641 a2223025641